A Pandemic Andt The Politics Of Life : (Record no. 181771)

MARC details
000 -LEADER
fixed length control field 00580nam a22001937a 4500
005 - DATE AND TIME OF LATEST TRANSACTION
control field 20211005164028.0
010 ## - LCCN (DPL NO)
LC control number 130002
020 ## - INTERNATIONAL STANDARD BOOK NUMBER
Terms of availability 450.00
International Standard Book Number 978-93- 85606-34-2
035 ## - SYSTEM CONTROL NUMBER
System control number EN-113534
037 ## - SOURCE OF ACQUISITION
Source of stock number/acquisition DBAD/PUB
082 ## - DEWEY DECIMAL CLASSIFICATION NUMBER
Classification number 616.241 4
100 ## - MAIN ENTRY--PERSONAL NAME
Personal name Samaddar ,Randabir
245 ## - TITLE STATEMENT
Title A Pandemic Andt The Politics Of Life :
Statement of responsibility, etc Ranabir Samaddar
250 ## - EDITION STATEMENT
Edition statement 2021
260 ## - PUBLICATION, DISTRIBUTION, ETC. (IMPRINT)
Name of publisher, distributor, etc Women Unlimited
Place of publication, distribution, etc New Delhi
270 ## - ADDRESS
Address 7/10,First floor,Sarvapriya Vihar
City New Delhi
Postal code 110016
300 ## - PHYSICAL DESCRIPTION
Extent 208p
Dimensions 22cm (Pbk)
Other physical details Epilogue
942 ## - ADDED ENTRY ELEMENTS (KOHA)
Source of classification or shelving scheme Dewey Decimal Classification
Item type English Books
Classification part 616.2414
Call number suffix SAM
Holdings
Withdrawn status Lost status Not for loan Collection code Home library Current library Date acquired Source of acquisition Cost, normal purchase price Full call number Barcode Copy number Cost, replacement price Koha item type
      Non-fiction Mobile Library Mobile Library 05/10/2021 DBAD/PUB 450.00 616.2414 SAM EN-113534 1 450.00 English Books

© Delhi Public Library
Hit Counter
free hit counter